| 000 | 00873cam a2200265 a 4500 | ||
|---|---|---|---|
| 001 | 18180969 | ||
| 005 | 20150421123626.0 | ||
| 008 | 140606t2015 paua frb 001 0 eng d | ||
| 020 | _a9781451190830 | ||
| 020 | _a1451190832 | ||
| 040 |
_aDNLM/DLC _cDLC _dDLC _dEG-ScBUE |
||
| 082 | 0 | 0 |
_a618.970231 _222 _bMIL |
| 100 | 1 |
_aMiller, Carol A. _936318 |
|
| 245 | 1 | 0 |
_aNursing for wellness in older adults / _cCarol A. Miller. |
| 250 | _a7th ed. | ||
| 260 |
_aPhiladelphia : _bWolters Kluwer Health / Lippincott Williams & Wilkins, _cc.2015. |
||
| 300 |
_axxvii, 626 p. : _bill. (col.) ; _c29 cm. |
||
| 500 | _aIndex : p. 615-626. | ||
| 504 | _aIncludes bibliographical references. | ||
| 650 | 7 |
_aGeriatric nursing _928906 _2BUEsh |
|
| 650 | 7 |
_aHealth promotion _932506 _2BUEsh |
|
| 653 |
_bNNUR _cApril2015 |
||
| 655 |
_vreading book _934232 |
||
| 942 |
_2ddc _k618.970231 MIL |
||
| 999 |
_c19185 _d19157 |
||